<?xml version="1.0" encoding="UTF-8"?><?xml-stylesheet type="text/xsl" href="static/style.xsl"?><OAI-PMH xmlns="http://www.openarchives.org/OAI/2.0/" xmlns:xsi="http://www.w3.org/2001/XMLSchema-instance" xsi:schemaLocation="http://www.openarchives.org/OAI/2.0/ http://www.openarchives.org/OAI/2.0/OAI-PMH.xsd"><responseDate>2026-04-14T02:26:25Z</responseDate><request verb="GetRecord" identifier="oai:www.recercat.cat:10230/25550" metadataPrefix="marc">https://recercat.cat/oai/request</request><GetRecord><record><header><identifier>oai:recercat.cat:10230/25550</identifier><datestamp>2025-12-13T20:54:03Z</datestamp><setSpec>com_2072_6</setSpec><setSpec>col_2072_452954</setSpec></header><metadata><record xmlns="http://www.loc.gov/MARC21/slim" xmlns:dcterms="http://purl.org/dc/terms/" xmlns:xsi="http://www.w3.org/2001/XMLSchema-instance" xmlns:doc="http://www.lyncode.com/xoai" xsi:schemaLocation="http://www.loc.gov/MARC21/slim http://www.loc.gov/standards/marcxml/schema/MARC21slim.xsd">
   <leader>00925njm 22002777a 4500</leader>
   <datafield ind2=" " ind1=" " tag="042">
      <subfield code="a">dc</subfield>
   </datafield>
   <datafield ind2=" " ind1=" " tag="720">
      <subfield code="a">Vila-Sanjuán Zamora, Leticia</subfield>
      <subfield code="e">author</subfield>
   </datafield>
   <datafield ind2=" " ind1=" " tag="260">
      <subfield code="c">2016-01-11T14:52:36Z</subfield>
   </datafield>
   <datafield ind2=" " ind1=" " tag="260">
      <subfield code="c">2016-01-11T14:52:36Z</subfield>
   </datafield>
   <datafield ind2=" " ind1=" " tag="260">
      <subfield code="c">2014</subfield>
   </datafield>
   <datafield ind2=" " ind1=" " tag="520">
      <subfield code="a">Treball de fi de grau d&amp;apos;Humanitats. Curs 2013-2014</subfield>
   </datafield>
   <datafield ind2=" " ind1=" " tag="520">
      <subfield code="a">Director: Javier Aparicio</subfield>
   </datafield>
   <datafield ind2=" " ind1=" " tag="520">
      <subfield code="a">La autoficción se perfila en las últimas décadas como una tendencia global y universal, y muchas de las obras que la aplican forman ya parte de algunos cánones contemporáneos. Del deseo de establecer una comparativa entre la teoría de la literatura generada entorno a la autoficción, y las novelas que definen su punto de partida,  desarrollo y actual madurez, nace la idea inicial de este trabajo. En consecuencia, la/nmetodología empleada para su realización ha consistido en la lectura y análisis de las diversas teorías contemporáneas acerca de la autobiografía, la narrativa y la autoficción, de Lejeune a Genette y posteriormente contrastarlas con las poéticas de cinco autores que nos han parecido especialmente representativos y responden a distintos ámbitos literarios y lingüísticos: Mario Vargas Llosa, W. G. Sebald, Enrique Vila-Matas, Patrick Modiano y Paul Auster.</subfield>
   </datafield>
   <datafield tag="653" ind2=" " ind1=" ">
      <subfield code="a">Novel·la autobiogràfica</subfield>
   </datafield>
   <datafield tag="653" ind2=" " ind1=" ">
      <subfield code="a">Novel·la autobiogràfica -- Història i crítica</subfield>
   </datafield>
   <datafield tag="653" ind2=" " ind1=" ">
      <subfield code="a">Vargas Llosa, Mario, 1936- Tia Julia y el escribidor</subfield>
   </datafield>
   <datafield tag="653" ind2=" " ind1=" ">
      <subfield code="a">Sebald, Winfried Georg, 1944-2001. Anillos de Saturno</subfield>
   </datafield>
   <datafield tag="653" ind2=" " ind1=" ">
      <subfield code="a">Vila-Matas, Enrique, 1948- París no se acaba nunca</subfield>
   </datafield>
   <datafield tag="653" ind2=" " ind1=" ">
      <subfield code="a">Modiano, Patrick, 1945- Un pedigrí</subfield>
   </datafield>
   <datafield tag="653" ind2=" " ind1=" ">
      <subfield code="a">Auster, Paul, 1947- Diario de invierno</subfield>
   </datafield>
   <datafield ind2="0" ind1="0" tag="245">
      <subfield code="a">La autoficción y su auge en la narrativa contemporánea</subfield>
   </datafield>
</record></metadata></record></GetRecord></OAI-PMH>